A-less states - Statistics

General Stats
  • This quiz has been taken 48 times
  • The average score is 12 of 14
Answer Stats
Answer % Correct
New York
95%
New Mexico
93%
Tennessee
93%
Kentucky
90%
Ohio
90%
Illinois
88%
Oregon
88%
Vermont
88%
Wyoming
88%
New Jersey
85%
Wisconsin
85%
Mississippi
83%
Missouri
83%
Connecticut
78%
No matching quizzes found
Score Distribution
Percent of People with Each Score
Percentile by Number Answered
Your Score History
You have not taken this quiz